Statistics for Most Populous Countries as a Percent of Their Continent

Click here to take the quiz!

General Stats

  • This quiz has been taken 74,833 times
    (27,417 since last reset)
  • The average score is 18 of 20

Answer Stats

%Country% Correct
30.1China
99%
56.9United States
99%
49.2Brazil
98%
29.9India
98%
58.5Australia
96%
15.4Russia
96%
9.0France
95%
11.5Germany
95%
21.3Mexico
95%
9.4United Kingdom
95%
10.4Argentina
91%
15.3Nigeria
88%
8.2Italy
86%
11.6New Zealand
86%
7.7Egypt
85%
11.8Colombia
82%
7.0D. R. Congo
77%
7.8Peru
75%
8.7Ethiopia
69%
22.8Papua New Guinea
59%

Score Distribution

Percentile by Number Answered

Percent of People with Each Score

Your Score History

You have not taken this quiz since the last reset